[Event "European Rapid 2017"]
[Site "Katowice POL"]
[Date "2017.12.17"]
[Round "9.20"]
[White "Gajewski, Grzegorz"]
[Black "Shkapenko, Pavel"]
[Result "1-0"]
[WhiteTitle "GM"]
[BlackTitle "IM"]
[WhiteElo "2601"]
[BlackElo "2431"]
[WhiteFideId "1116207"]
[BlackFideId "4151933"]
[EventDate "2017.12.16"]

1. c4 Nf6 2. Nc3 e6 3. Nf3 b6 4. e4 Bb7 5. Bd3 d6 6. Bc2 c5 7. d4 cxd4 8. Nxd4
a6 9. b3 Be7 10. O-O O-O 11. Bb2 Nc6 12. a4 Rc8 13. Rc1 Nd7 14. Nxc6 Bxc6 15. f4
a5 16. Rf3 Nc5 17. Rh3 g6 18. Qe1 Bf6 19. Rd1 Qe7 20. e5 dxe5 21. fxe5 Bg7 22.
Ne2 Ba8 23. Nf4 Qg5 24. Qe3 Rcd8 25. Rf1 Rd7 26. Rg3 Qh4 27. h3 Rfd8 28. Rg4 Qe7
29. Bc3 Rf8 30. Nh5 Na6 31. Nf6+ Bxf6 32. exf6 Qc5 33. Bd4 Rxd4 34. Qxd4 Rd8 35.
Qxc5 Nxc5 36. Rd1 Rxd1+ 37. Bxd1 Kf8 38. Rh4 Nd7 39. Rxh7 Kg8 40. Rg7+ Kf8 41.
Rh7 Kg8 42. Rh4 Nxf6 43. Rd4 Kg7 44. Rd6 Be4 45. Rxb6 Bd3 46. Rd6 Be4 47. Ra6 1-0

[Event "European Rapid 2017"]
[Site "Katowice POL"]
[Date "2017.12.17"]
[Round "9.21"]
[White "Zwardon, Vojtech"]
[Black "Tari, Aryan"]
[Result "0-1"]
[WhiteTitle "IM"]
[BlackTitle "GM"]
[WhiteElo "2408"]
[BlackElo "2593"]
[WhiteFideId "325511"]
[BlackFideId "1510045"]
[EventDate "2017.12.16"]

1. c4 e5 2. g3 Nf6 3. Bg2 c6 4. Nf3 e4 5. Nd4 d5 6. Nc3 dxc4 7. Nc2 Bc5 8. O-O
O-O 9. Ne3 Be6 10. Nxe4 Nxe4 11. Bxe4 f5 12. Bb1 f4 13. Qc2 g6 14. Nxc4 Qd4 15.
d3 fxg3 16. Be3 gxf2+ 17. Rxf2 Qg4+ 18. Rg2 Qf4 19. Qc1 Bxc4 20. d4 Bxd4 21.
Qxc4+ Rf7 22. Bxg6 Bxe3+ 23. Kh1 hxg6 24. Qe6 Kf8 25. Rg3 Rf6 26. Qc8+ Kg7 27.
Rf3 Qe4 28. Qxb7+ Kh6 29. Rf1 Rxf3 30. Rxf3 Qb1+ 31. Kg2 Qg1+ 32. Kh3 Bf2 33.
Rf7 Qf1+ 34. Kg4 Qg2+ 35. Kf4 g5+ 36. Kf5 Qd5+ 37. Kf6 Bd4+ 38. Ke7 Bc5+ 39. Kf6
Qd6+ 40. Kf5 Qf4+ 41. Ke6 Qe4+ 0-1

[Event "European Rapid 2017"]
[Site "Katowice POL"]
[Date "2017.12.17"]
[Round "9.22"]
[White "Pavlidis, Antonios"]
[Black "Zorko, Jure"]
[Result "1-0"]
[WhiteTitle "GM"]
[BlackTitle "IM"]
[WhiteElo "2539"]
[BlackElo "2457"]
[WhiteFideId "4212312"]
[BlackFideId "14604051"]
[EventDate "2017.12.16"]

1. e4 e5 2. Nf3 Nc6 3. Bb5 Nf6 4. d3 Bc5 5. c3 O-O 6. Bg5 h6 7. Bh4 Be7 8. Bg3
d6 9. O-O Nb8 10. Nbd2 Nh5 11. d4 Nxg3 12. hxg3 c6 13. Bd3 Nd7 14. a4 Qc7 15.
Re1 Re8 16. Nf1 Nf6 17. Qc2 g6 18. Ne3 Bf8 19. a5 Bd7 20. b4 a6 21. Rad1 Rad8
22. dxe5 dxe5 23. Bc4 Bc8 24. Kf1 Kg7 25. Nd2 c5 26. b5 Qxa5 27. Ra1 Qb6 28.
bxa6 bxa6 29. Reb1 Qd6 30. Nd5 Nxd5 31. Bxd5 c4 32. Nxc4 Qf6 33. Rb6 Qg5 34.
Rab1 Qh5 35. Kg1 Qg5 36. Rc6 Bd7 37. Rxa6 Bc5 38. Ra5 Rc8 39. Rd1 Bg4 40. Rd3
Re7 41. Qd2 Qf6 42. Ne3 Be6 43. Ra6 Rb8 44. Ng4 Rb1+ 45. Kh2 Qg5 46. Qxg5 hxg5
47. Bxe6 Re8 48. Nxe5 Rh8+ 49. Bh3 Bxf2 50. g4 Bg1+ 51. Kg3 Rf1 52. Rf3 1-0

[Event "European Rapid 2017"]
[Site "Katowice POL"]
[Date "2017.12.17"]
[Round "9.23"]
[White "Alekseev, Evgeny"]
[Black "Dragnev, Valentin"]
[Result "1-0"]
[WhiteTitle "GM"]
[BlackTitle "IM"]
[WhiteElo "2616"]
[BlackElo "2458"]
[WhiteFideId "4138147"]
[BlackFideId "1634852"]
[EventDate "2017.12.16"]

1. e4 e5 2. Nf3 Nc6 3. Bb5 a6 4. Ba4 Nf6 5. d3 b5 6. Bb3 Bc5 7. Nc3 d6 8. Nd5 h6
9. c3 Rb8 10. O-O O-O 11. h3 Nxd5 12. Bxd5 Ne7 13. Bb3 Ng6 14. d4 Bb6 15. Be3
Re8 16. Re1 Qf6 17. a4 c6 18. axb5 axb5 19. Nh2 Be6 20. Bc2 c5 21. d5 Bd7 22.
Qf3 Qh4 23. Nf1 Rf8 24. Ng3 Ne7 25. Nf5 Nxf5 26. exf5 Ra8 27. Kh2 Rfb8 28. g3
Qf6 29. g4 g5 30. h4 Bd8 31. hxg5 hxg5 32. Kg2 Qg7 33. Rh1 Bf6 34. Rae1 Kf8 35.
Ra1 Rc8 36. Qe2 Ke7 37. Be4 Rxa1 38. Rxa1 Rh8 39. Ra7 Rb8 40. b4 c4 41. Qa2 Qh8
42. f3 Qc8 43. Qa5 Rb7 44. Ra6 Rb8 45. Rxd6 Ra8 46. Qb6 Ra2+ 47. Bf2 Qh8 48. Qc5
Ke8 49. Qc7 Rxf2+ 50. Kxf2 Qh2+ 51. Ke1 Qg1+ 52. Kd2 Qf2+ 53. Kc1 Qe1+ 54. Kb2
Qd2+ 55. Bc2 e4 56. Qxd7+ Kf8 57. Rxf6 1-0

[Event "European Rapid 2017"]
[Site "Katowice POL"]
[Date "2017.12.17"]
[Round "9.24"]
[White "Sieciechowicz, Marcin"]
[Black "Georgiev, Kiril"]
[Result "0-1"]
[WhiteTitle "IM"]
[BlackTitle "GM"]
[WhiteElo "2387"]
[BlackElo "2623"]
[WhiteFideId "1130170"]
[BlackFideId "2900017"]
[EventDate "2017.12.16"]

1. d4 Nf6 2. c4 e6 3. Nc3 Bb4 4. e3 O-O 5. Ne2 d5 6. a3 Be7 7. cxd5 exd5 8. Nf4
Re8 9. Bd3 c6 10. O-O Bd6 11. f3 Bxf4 12. exf4 b6 13. f5 Ba6 14. Bg5 Bxd3 15.
Qxd3 Qd6 16. Rfe1 Nbd7 17. Qd2 Rxe1+ 18. Rxe1 Re8 19. Rxe8+ Nxe8 20. Qe2 Nef6
21. Qa6 h6 22. Be3 Qc7 23. g3 Nf8 24. Kf2 Qd7 25. Qd3 Ne8 26. b3 Nd6 27. g4 Qe7
28. Bf4 Nd7 29. Kg2 b5 30. a4 bxa4 31. Nxa4 Nb5 32. Nc3 a6 33. Bg3 Nf6 34. Ne2
Nd7 35. Nf4 Qb4 36. Bf2 Nf6 37. Ne2 a5 38. Bh4 Nd7 39. Qe3 Kf8 40. Bd8 Na7 41.
Qc3 Qb5 42. Qe3 Nc8 43. Kf2 a4 44. bxa4 Qxa4 45. f6 Nxf6 46. Bxf6 gxf6 47. Qxh6+
Ke7 48. Qe3+ Kd7 49. Qf4 Nd6 50. Qxf6 Qc2 51. h4 Qb1 52. h5 Qh1 53. Qf4 f5 54.
h6 fxg4 55. Qxg4+ Ke7 56. Qg5+ Ke8 57. Qe5+ Kd7 58. Qg7+ Ke8 59. h7 Nf7 60. Ng3
Qh2+ 61. Ke3 c5 62. dxc5 Qg1+ 63. Kf4 Qh2 64. Ke3 Qg1+ 65. Kf4 Qh2 66. Ke3 Qg1+
67. Kf4 Qh2 68. Kf5 Qh3+ 69. Kf6 Qh4+ 70. Ke6 Qe7+ 71. Kxd5 Qd7+ 72. Ke4 Nd6+
73. cxd6 Qxg7 74. Nf5 Qxh7 0-1

[Event "European Rapid 2017"]
[Site "Katowice POL"]
[Date "2017.12.17"]
[Round "9.25"]
[White "Chigaev, Maksim"]
[Black "Zimina, Olga"]
[Result "1-0"]
[WhiteTitle "GM"]
[BlackTitle "IM"]
[WhiteElo "2555"]
[BlackElo "2415"]
[WhiteFideId "4108116"]
[BlackFideId "4132190"]
[EventDate "2017.12.16"]

1. e4 c6 2. d4 d5 3. exd5 cxd5 4. Bd3 Nc6 5. c3 Nf6 6. Bf4 Bg4 7. Qb3 Qd7 8. Nd2
e6 9. Ngf3 Bxf3 10. Nxf3 Bd6 11. Bg3 O-O 12. O-O Bxg3 13. hxg3 Qc7 14. Rae1 Rfc8
15. a3 Na5 16. Qc2 Nc4 17. g4 g6 18. g5 Nd7 19. Bxc4 Qxc4 20. Qd2 b5 21. Nh2 a5
22. Ng4 Qc7 23. g3 Qd6 24. Kg2 b4 25. axb4 axb4 26. cxb4 Rc4 27. Ra1 Rd8 28. Ra7
Kg7 29. Rh1 Qb6 30. Rxd7 Rxd7 31. Nf6 Rd8 32. Rxh7+ Kf8 33. Qf4 Rc7 34. Nd7+
Rcxd7 35. Qf6 1-0

[Event "European Rapid 2017"]
[Site "Katowice POL"]
[Date "2017.12.17"]
[Round "9.26"]
[White "Ustianovich, Nazar"]
[Black "Buhmann, Rainer"]
[Result "0-1"]
[WhiteTitle "FM"]
[BlackTitle "GM"]
[WhiteElo "2366"]
[BlackElo "2584"]
[WhiteFideId "14109778"]
[BlackFideId "4651340"]
[EventDate "2017.12.16"]

1. d4 d5 2. Nf3 Nf6 3. c4 e6 4. Nc3 Be7 5. Bf4 O-O 6. e3 b6 7. Be2 Bb7 8. O-O
dxc4 9. Bxc4 Nbd7 10. Qe2 a6 11. a4 Bd6 12. Bg3 Qe7 13. Ne5 Nd5 14. Nxd5 exd5
15. Nxd7 Qxd7 16. Bd3 Bxg3 17. hxg3 c5 18. dxc5 bxc5 19. Qc2 Qc6 20. Bxh7+ Kh8
21. Bf5 d4 22. Bh3 dxe3 23. fxe3 Kg8 24. Rf5 c4 25. Rh5 Qe4 26. Qc3 Rfe8 27. Re1
Qg6 28. Rh4 Re4 29. Kh2 Rae8 30. Rf4 Qc6 31. b3 cxb3 32. Qxb3 Qd5 33. Qxd5 Bxd5
34. Rd1 R4e5 35. Rf5 Bb3 36. Rd4 g6 37. Rf6 Ra5 38. Rdd6 Bc4 39. Rf4 Bb3 40.
Rff6 Ra8 41. Bg4 Rxa4 42. Rd7 Rxg4 0-1

[Event "European Rapid 2017"]
[Site "Katowice POL"]
[Date "2017.12.17"]
[Round "9.27"]
[White "Wiewiora, Eneasz"]
[Black "Piorun, Kacper"]
[Result "0-1"]
[WhiteTitle "FM"]
[BlackTitle "GM"]
[WhiteElo "2320"]
[BlackElo "2651"]
[WhiteFideId "1140396"]
[BlackFideId "1130420"]
[EventDate "2017.12.16"]

1. Nf3 d5 2. c4 d4 3. g3 Nc6 4. Bg2 e5 5. d3 Bb4+ 6. Bd2 a5 7. O-O Nf6 8. Bxb4
axb4 9. Nbd2 O-O 10. Qc2 h6 11. a3 bxa3 12. Rxa3 Rxa3 13. bxa3 Qe7 14. Qb2 b6
15. Rc1 Nd7 16. Nb3 Nd8 17. c5 bxc5 18. Na5 Ne6 19. Nc4 Nd8 20. Nfd2 f5 21. a4
Nf6 22. e3 f4 23. Re1 dxe3 24. fxe3 fxg3 25. Qxe5 gxh2+ 26. Qxh2 Nf7 27. a5 Ng4
28. Qg3 h5 29. Bd5 h4 30. Qf4 c6 31. Bxf7+ Rxf7 32. Qb8 Rf8 33. Rf1 h3 34. Rxf8+
Qxf8 35. Qf4 Qd8 36. Qg3 h2+ 37. Kg2 Qxd3 38. Qf3 Qh7 39. Kh1 Qh4 40. Nf1 Nf2+
41. Kg2 h1=Q# 0-1

[Event "European Rapid 2017"]
[Site "Katowice POL"]
[Date "2017.12.17"]
[Round "9.28"]
[White "Meissner, Felix"]
[Black "Plat, Vojtech"]
[Result "1-0"]
[WhiteTitle "FM"]
[BlackTitle "GM"]
[WhiteElo "2333"]
[BlackElo "2567"]
[WhiteFideId "24671827"]
[BlackFideId "325740"]
[EventDate "2017.12.16"]

1. e4 d6 2. d4 Nf6 3. Nc3 e5 4. Nf3 Nbd7 5. Bc4 Be7 6. a4 O-O 7. O-O a5 8. Ba2
c6 9. Re1 exd4 10. Nxd4 Nc5 11. Qf3 Be6 12. Nf5 Bxf5 13. Qxf5 Qd7 14. Qxd7 Nfxd7
15. Bf4 Nb6 16. Bb3 Rfe8 17. Rad1 Rad8 18. f3 Bf8 19. Kf1 h6 20. Rd2 g5 21. Bg3
Rd7 22. Red1 Red8 23. Bf2 Nxb3 24. cxb3 Nc8 25. Ne2 Bg7 26. Bd4 Bxd4 27. Nxd4
Ne7 28. Nc2 f5 29. Ne3 fxe4 30. fxe4 d5 31. Nc4 Kg7 32. Kg1 Nc8 33. exd5 cxd5
34. Nxa5 d4 35. Nc4 Ne7 36. b4 Ng6 37. b3 Nf4 38. g3 Ne6 39. Re1 Nc7 40. b5 Ne8
41. Re6 Nf6 42. a5 Kf7 43. Rb6 Kg7 44. a6 bxa6 45. bxa6 Ne4 46. Rd1 Nc3 47. Rd3
Rd5 48. Rb7+ Kg6 49. a7 Re8 50. Rf3 Rdd8 51. Rb6+ Kg7 52. Nd6 Re1+ 53. Rf1 Rxf1+
54. Kxf1 d3 55. Ke1 Ra8 56. Rb7+ Kf6 57. Kd2 Nd5 58. Kxd3 Ke6 59. Nb5 Rd8 60.
Rb8 Rd7 61. Nd4+ 1-0

[Event "European Rapid 2017"]
[Site "Katowice POL"]
[Date "2017.12.17"]
[Round "9.29"]
[White "Aleksandrov, Aleksej"]
[Black "Kashlinskaya, Alina"]
[Result "1/2-1/2"]
[WhiteTitle "GM"]
[BlackTitle "IM"]
[WhiteElo "2589"]
[BlackElo "2452"]
[WhiteFideId "13500139"]
[BlackFideId "4198026"]
[EventDate "2017.12.16"]

1. d4 Nf6 2. c4 e6 3. Nc3 Bb4 4. e3 O-O 5. Ne2 d5 6. a3 Bd6 7. c5 Be7 8. b4 c6
9. Nf4 Nbd7 10. Bb2 Qc7 11. Be2 b6 12. O-O bxc5 13. bxc5 e5 14. dxe5 Nxe5 15.
Qd4 Ng6 16. Nxg6 hxg6 17. e4 Rb8 18. exd5 Rxb2 19. d6 Qd7 20. Bf3 Bd8 21. Qa4
Qf5 22. Qxa7 Nd7 23. Na4 Rc2 24. Bxc6 Nxc5 25. Rac1 Rxc1 26. Rxc1 Nd3 27. Rd1
Ne5 28. Bd5 Be6 29. Bxe6 fxe6 30. Rf1 Ng4 31. h3 Ne5 32. Qe3 Bg5 33. Qe2 Nd3 34.
Nb6 Bh4 35. g3 Bd8 36. Nc4 Nc5 37. h4 Ne4 38. d7 Qd5 39. Ne3 Qxd7 40. Qg4 Nf6
41. Qxg6 Bb6 42. Ng2 Qd2 43. Nf4 e5 44. Ne6 Rf7 45. Ng5 Re7 46. Qb1 Qd4 47. Qb3+
Kh8 48. Nf7+ Kh7 49. Ng5+ Kh6 50. Kg2 Qd5+ 51. Qxd5 Nxd5 52. Rd1 Rd7 53. Re1 Bd4
54. Nf3 Ra7 55. Nxe5 Rxa3 56. Nf3 Ba7 57. Re2 Nf6 58. Ne5 Kh7 59. Nf7 Ng4 60.
Ng5+ Kg6 61. Nh3 Kf5 62. Rb2 Ra5 63. Rb7 Bd4 64. Rf7+ Bf6 65. Rb7 Ra2 66. Rb5+
Kg6 67. Rb4 Ne5 68. Rb3 Ng4 69. Rd3 Kf7 70. Kg1 Be7 71. Rd4 Ne5 72. Re4 Kf6 73.
Rf4+ Ke6 74. Re4 Bc5 75. Kf1 Kd5 76. Re2 Rxe2 77. Kxe2 Ke4 78. Ng5+ Kf5 79. Nh3
Kg4 80. Nf4 Nf3 81. Nd3 Bd6 82. Kf1 Kf5 83. Kg2 Ke4 84. Nb2 Be5 85. Nc4 Bc7 86.
Ne3 Bb6 87. Nc4 Bc5 88. Nb2 Nd2 89. Nd1 Bd4 90. f4 Kf5 91. Kh3 g6 92. h5 gxh5
93. Kh4 Kg6 94. g4 Bf6+ 95. Kh3 hxg4+ 96. Kxg4 Bd4 97. f5+ Kf6 98. Kf4 Be5+ 99.
Ke3 Nc4+ 100. Kd3 Nd6 101. Ne3 1/2-1/2

[Event "European Rapid 2017"]
[Site "Katowice POL"]
[Date "2017.12.17"]
[Round "9.30"]
[White "Fedorov, Alexei"]
[Black "Kusiak, Matej"]
[Result "1/2-1/2"]
[WhiteTitle "GM"]
[WhiteElo "2573"]
[BlackElo "2280"]
[WhiteFideId "13500465"]
[BlackFideId "14911213"]
[EventDate "2017.12.16"]

1. e4 c5 2. d3 Nc6 3. g3 g6 4. Bg2 Bg7 5. f4 d6 6. Nf3 e6 7. O-O Nge7 8. c3 O-O
9. Be3 b5 10. d4 cxd4 11. cxd4 d5 12. e5 b4 13. Nbd2 Ba6 14. Re1 Qb6 15. Nb3 Bb5
16. Nc5 Rfd8 17. g4 Na5 18. Bf2 Nb7 19. Nd3 a5 20. Bh4 Rd7 21. Nf2 Rc8 22. Bf6
Rc4 23. Qd2 Nd8 24. Bxg7 Kxg7 25. Bh3 Rdc7 26. f5 exf5 27. gxf5 Nxf5 28. Bxf5
gxf5 29. Kh1 R7c6 30. Nh4 Rg6 31. b3 Rc3 32. Rac1 Rxc1 33. Nxf5+ Kf8 34. Rxc1
Bd7 35. Nh4 Rh6 36. Qf4 Rh5 37. Rg1 Qh6 38. Qxh6+ Rxh6 39. Nf3 Rc6 40. Nd3 Rc3
41. Nc5 Bf5 42. Nh4 Bg6 43. Nxg6+ hxg6 44. Nd7+ Ke8 45. Nf6+ Kf8 46. Nxd5 Rd3
47. Rc1 Rxd4 48. Rc5 Rd1+ 49. Kg2 Rd2+ 50. Kg3 Rxa2 51. Rc8 Ke8 52. Ra8 Kd7 53.
Nf6+ Ke7 54. Nd5+ Kd7 55. Nf6+ Ke7 56. Nd5+ Kd7 1/2-1/2

[Event "European Rapid 2017"]
[Site "Katowice POL"]
[Date "2017.12.17"]
[Round "9.31"]
[White "Tomczak, Mikolaj"]
[Black "Dvirnyy, Danyyil"]
[Result "1/2-1/2"]
[WhiteTitle "FM"]
[BlackTitle "GM"]
[WhiteElo "2372"]
[BlackElo "2532"]
[WhiteFideId "1175114"]
[BlackFideId "817570"]
[EventDate "2017.12.16"]

1. d4 Nf6 2. c4 e6 3. Nc3 d5 4. Bg5 Bb4 5. cxd5 exd5 6. e3 h6 7. Bh4 Qd6 8. Bd3
Ne4 9. Ne2 O-O 10. O-O Nxc3 11. bxc3 Ba5 12. Rb1 c6 13. f3 Bc7 14. Bg3 Qe7 15.
e4 dxe4 16. fxe4 c5 17. Nf4 Bxf4 18. Rxf4 Nc6 19. e5 cxd4 20. cxd4 Be6 21. Bh4
Qa3 22. Rxb7 Rab8 23. Rc7 Rfc8 24. Rxc8+ Rxc8 25. Be1 Ne7 26. Rf1 Qxa2 27. Qf3
a5 28. Qe4 Ng6 29. Qe2 Qd5 30. Qb2 a4 31. Bxg6 fxg6 32. h3 Kh7 33. Bb4 Rc4 34.
Bc5 Bf5 35. Qf2 Rc2 36. Qg3 Qe4 37. Kh2 Rd2 38. Rf2 Rd1 39. Qf4 Qb1 40. Qe3 Rh1+
41. Kg3 Qg1 42. Kf4 Qb1 43. e6 Re1 44. Re2 Qb8+ 45. Qe5 Rf1+ 46. Kg3 Qb3+ 47.
Qe3 Bxe6 48. Qxb3 axb3 49. Ba3 Bc4 50. Rf2 Rd1 51. Bb2 g5 52. Kh2 Kg6 53. Bc3 h5
54. Bb2 h4 55. Bc3 Bd5 56. Re2 Rc1 57. Bb2 Rc2 58. Rxc2 bxc2 59. g3 Kf5 60. Bc1
Ke4 61. Bxg5 Kf3 62. gxh4 g6 63. Bh6 Be6 64. Bg5 Bd5 65. Bh6 Ke2 66. Kg3 Be6 67.
Bg5 Kd1 68. h5 gxh5 69. Kh4 Bf7 70. d5 Bxd5 1/2-1/2

[Event "European Rapid 2017"]
[Site "Katowice POL"]
[Date "2017.12.17"]
[Round "9.32"]
[White "Meskovs, Nikita"]
[Black "Costachi, Mihnea"]
[Result "1/2-1/2"]
[WhiteTitle "GM"]
[BlackTitle "IM"]
[WhiteElo "2538"]
[BlackElo "2441"]
[WhiteFideId "11602740"]
[BlackFideId "1217518"]
[EventDate "2017.12.16"]

1. d4 Nf6 2. c4 g6 3. Nc3 Bg7 4. e4 d6 5. Nf3 O-O 6. h3 e5 7. d5 a5 8. g4 Na6 9.
Be3 Nd7 10. a3 Nb6 11. Qc2 Bd7 12. b3 Nc5 13. Rg1 Kh8 14. g5 f5 15. gxf6 Qxf6
16. Rg3 a4 17. b4 Nb3 18. Rd1 Rae8 19. c5 Nc8 20. Nb5 Nd4 21. Nbxd4 exd4 22.
Bxd4 Qf4 23. Bxg7+ Kxg7 24. Bd3 c6 25. Kf1 cxd5 26. exd5 Re3 27. Qb2+ Rf6 28.
Be2 Bb5 29. Bxb5 Rxf3 30. Rxf3 Qxf3 31. Rd3 Qh1+ 32. Ke2 Qe4+ 33. Re3 Qxd5 34.
Bd7 Qg2 35. Kd1 Qh1+ 36. Kd2 Kf7 37. Re2 Qd5+ 38. Kc1 Ne7 39. Bxa4 dxc5 40. bxc5
Qxc5+ 41. Kb1 Qf5+ 42. Ka2 Kf8 43. Bb3 Nc6 44. Bc4 Kg7 45. Qxb7+ Kh6 46. Bg8 g5
47. Qb2 Rd6 48. Rd2 Rxd2 49. Qxd2 Ne5 50. Bb3 Qxh3 51. f4 Nf3 52. fxg5+ Nxg5 53.
Qd6+ Kg7 54. Qe7+ Kg6 55. Bc2+ Kh5 56. Qe8+ Kh4 57. a4 Qc3 58. Qe2 Kg3 59. Bb3
Nf3 60. Qe6 Qd2+ 61. Ka3 Qc1+ 62. Kb4 Qd2+ 63. Kc5 Qa5+ 64. Kd6 Qb4+ 65. Kc7
Qc5+ 66. Kb7 Qb4+ 67. Qb6 Qe4+ 68. Kb8 Qe8+ 69. Ka7 Qe7+ 70. Ka8 h5 71. a5 h4
72. Bd5 h3 73. Qg6+ Kf2 74. Qc2+ Kg3 75. Qg6+ Kf2 76. Qc2+ Kg3 77. Qg6+ 1/2-1/2

[Event "European Rapid 2017"]
[Site "Katowice POL"]
[Date "2017.12.17"]
[Round "9.33"]
[White "Dziuba, Marcin"]
[Black "Sakalauskas, Vaidas"]
[Result "1/2-1/2"]
[WhiteTitle "GM"]
[BlackTitle "IM"]
[WhiteElo "2584"]
[BlackElo "2351"]
[WhiteFideId "1112953"]
[BlackFideId "12800457"]
[EventDate "2017.12.16"]

1. d4 Nf6 2. c4 g6 3. Nc3 d5 4. e3 Bg7 5. Nf3 O-O 6. cxd5 Nxd5 7. Bc4 Nb6 8. Bb3
c5 9. dxc5 N6d7 10. Na4 Na6 11. c6 bxc6 12. O-O Nac5 13. Nxc5 Nxc5 14. Bc4 Be6
15. Bxe6 Nxe6 16. Qc2 Qd5 17. Bd2 Rab8 18. Rfb1 Qc5 19. Qxc5 Nxc5 20. Bc3 Bxc3
21. bxc3 Ne4 22. c4 c5 23. Ne5 Rfc8 24. f3 Nd6 25. Rb3 Rb4 1/2-1/2

[Event "European Rapid 2017"]
[Site "Katowice POL"]
[Date "2017.12.17"]
[Round "9.34"]
[White "Jussupow, Artur"]
[Black "Reichmann, Hendrik"]
[Result "1/2-1/2"]
[WhiteTitle "GM"]
[BlackTitle "FM"]
[WhiteElo "2582"]
[BlackElo "2337"]
[WhiteFideId "4618777"]
[BlackFideId "4647823"]
[EventDate "2017.12.16"]

1. d4 g6 2. Nf3 Bg7 3. c4 d6 4. Nc3 e5 5. Bg5 f6 6. Bh4 g5 7. Bg3 Nc6 8. e3 Nh6
9. c5 g4 10. Nh4 f5 11. cxd6 f4 12. d5 fxg3 13. hxg3 cxd6 14. dxc6 bxc6 15. Qc2
d5 16. O-O-O Qb6 17. Bd3 e4 18. Bxe4 dxe4 19. Qxe4+ Kf7 20. Qf4+ Ke8 21. Qe4+
Kf7 22. Qf4+ Ke8 23. Qe4+ Kf7 24. Qf4+ 1/2-1/2

[Event "European Rapid 2017"]
[Site "Katowice POL"]
[Date "2017.12.17"]
[Round "9.35"]
[White "Putka, Verners"]
[Black "Heberla, Bartlomiej"]
[Result "0-1"]
[BlackTitle "GM"]
[WhiteElo "2307"]
[BlackElo "2555"]
[WhiteFideId "11600659"]
[BlackFideId "1115120"]
[EventDate "2017.12.16"]

1. d4 d5 2. Nf3 e6 3. g3 b5 4. Bg2 Nf6 5. O-O c5 6. c3 Nbd7 7. Bg5 Be7 8. Nbd2
Bb7 9. e3 O-O 10. Qe2 a5 11. Rfd1 Qb6 12. Ne5 Bd6 13. Nxd7 Nxd7 14. e4 cxd4 15.
cxd4 Rfe8 16. e5 Bf8 17. Be3 Rac8 18. Nb3 a4 19. Nc1 b4 20. Nd3 Ba6 21. Bf1 Bc4
22. Qg4 Qb5 23. h4 Rc7 24. h5 Rec8 25. Bh6 Kh8 26. Be3 Qb6 27. Rd2 Bb5 28. Qd1
h6 29. g4 Be7 30. Be2 a3 31. bxa3 bxa3 32. Rb1 Qa5 33. Kg2 Ba4 34. Qf1 Nb6 35.
Nc1 Nc4 36. Bxc4 dxc4 37. f3 c3 38. Rf2 c2 39. Rb3 Bxb3 40. Nxb3 Qd5 41. Qc1 Rc3
42. Kg3 Rxe3 43. Qxe3 Qxb3 44. Qxb3 c1=Q 45. d5 Qg1+ 46. Rg2 Bh4+ 47. Kh3 Qh1+
48. Rh2 Qe1 49. Rg2 Rc3 0-1

[Event "European Rapid 2017"]
[Site "Katowice POL"]
[Date "2017.12.17"]
[Round "9.36"]
[White "Berg, Klaus"]
[Black "Krasenkow, Michal"]
[Result "0-1"]
[WhiteTitle "IM"]
[BlackTitle "GM"]
[WhiteElo "2323"]
[BlackElo "2671"]
[WhiteFideId "1400053"]
[BlackFideId "1113100"]
[EventDate "2017.12.16"]

1. d4 d6 2. e4 Nf6 3. Nc3 c6 4. a4 Nbd7 5. g3 e5 6. Nge2 a5 7. Bg2 b6 8. O-O Ba6
9. Re1 Be7 10. h3 O-O 11. Be3 Qc7 12. Qd2 b5 13. f4 b4 14. Nd1 c5 15. c3 Nb6 16.
dxc5 dxc5 17. Bf2 Rad8 18. Qc2 Bd3 19. Qc1 b3 20. fxe5 Qxe5 21. Nf4 Nc4 22. Ne3
Nxe3 23. Qxe3 Bc2 24. Nd5 Nxd5 25. exd5 Qxe3 26. Bxe3 Rfe8 27. Bf4 Bf6 28. Bc7
Bxc3 29. bxc3 b2 30. Bxd8 bxa1=Q 31. Rxa1 Rxd8 32. c4 Kf8 33. Rc1 Bb3 34. Rb1
Rb8 35. d6 Rb4 36. Bd5 Bc2 37. Re1 Rb1 38. Rxb1 Bxb1 39. Kf2 Ke8 40. Bc6+ Kd8
41. Ke3 Bf5 42. Bb5 Bxh3 43. Ke4 Be6 44. Ke5 h5 45. Ba6 g5 46. Bb5 h4 47. gxh4
gxh4 48. Kf4 Bd7 0-1

[Event "European Rapid 2017"]
[Site "Katowice POL"]
[Date "2017.12.17"]
[Round "9.38"]
[White "Hansen, Mads Smith"]
[Black "Stupak, Kirill"]
[Result "0-1"]
[BlackTitle "GM"]
[WhiteElo "2347"]
[BlackElo "2588"]
[WhiteFideId "1400258"]
[BlackFideId "13503758"]
[EventDate "2017.12.16"]

1. e4 e6 2. d4 d5 3. Nc3 Bb4 4. exd5 Qxd5 5. Nf3 b6 6. Bd3 Ba6 7. O-O Bxc3 8.
bxc3 Nf6 9. Bxa6 Nxa6 10. a4 O-O 11. Qd3 Qb7 12. Re1 c5 13. Bf4 Rac8 14. Be5
cxd4 15. Bxf6 gxf6 16. Nxd4 Kh8 17. Qh3 Rg8 18. Re3 Nc5 19. Rae1 Nxa4 20. Rf3
Rxc3 21. Ree3 Rxe3 22. fxe3 Rg6 23. Qh5 Nc5 24. Qh4 Qe4 0-1

[Event "European Rapid 2017"]
[Site "Katowice POL"]
[Date "2017.12.17"]
[Round "9.39"]
[White "Tomczak, Jacek"]
[Black "Leniart, Arkadiusz"]
[Result "1-0"]
[WhiteTitle "GM"]
[BlackTitle "IM"]
[WhiteElo "2588"]
[BlackElo "2502"]
[WhiteFideId "1124668"]
[BlackFideId "1124226"]
[EventDate "2017.12.16"]

1. e4 e6 2. d4 d5 3. Bd3 c5 4. exd5 exd5 5. Nc3 c4 6. Be2 Nc6 7. Bf3 Bb4 8. Ne2
Nge7 9. O-O O-O 10. b3 cxb3 11. axb3 Bf5 12. Na4 Rc8 13. Bf4 Be4 14. Bxe4 dxe4
15. c4 b5 16. cxb5 Na5 17. Nc5 Nd5 18. Nxe4 Re8 19. N4g3 Nxf4 20. Nxf4 Bc3 21.
Ra4 Qd7 22. Qd3 Nxb3 23. Nge2 Nc5 24. dxc5 Qxd3 25. Nxd3 Rxe2 26. Rxa7 Rd2 27.
Rd7 Kf8 28. c6 Ba5 29. Ne5 Re2 30. Nxf7 Rc7 31. Nd6 Rxd7 32. cxd7 Ke7 33. Nb7
Bb6 34. Rd1 Bd8 35. g3 Re5 36. Nxd8 Kxd8 37. b6 Rb5 38. Rd6 1-0

[Event "European Rapid 2017"]
[Site "Katowice POL"]
[Date "2017.12.17"]
[Round "9.40"]
[White "Krejci, Jan2"]
[Black "Gazik, Igor"]
[Result "1-0"]
[WhiteTitle "GM"]
[BlackTitle "IM"]
[WhiteElo "2570"]
[BlackElo "2257"]
[WhiteFideId "322156"]
[BlackFideId "14900149"]
[EventDate "2017.12.16"]

1. d4 g6 2. e4 Bg7 3. Nc3 d6 4. Be3 c6 5. h3 b5 6. Bd3 Nd7 7. f4 e5 8. Nf3 exd4
9. Nxd4 Bb7 10. O-O a6 11. a4 b4 12. Nce2 Ngf6 13. Ng3 O-O 14. Qf3 c5 15. Nb3
Qc7 16. Nd2 Rfe8 17. Qf2 d5 18. e5 d4 19. Bxd4 cxd4 20. exf6 Nxf6 21. f5 Bh6 22.
Nc4 Nd5 23. fxg6 hxg6 24. Ne4 Ne3 25. Nf6+ Kf8 26. Qh4 Bg7 27. Nxe8 Rxe8 28.
Nxe3 dxe3 29. Bxg6 Re7 30. Qxb4 Qc6 31. Rxf7+ Kg8 32. Be4 Rxe4 33. Qxb7 Qxb7 34.
Rxb7 e2 35. Rxg7+ Kxg7 36. Kf2 e1=Q+ 37. Rxe1 Rxa4 1-0